000 01215nam a2200313 a 4500
001 20773
003 Mx-PuUPA
005 20250924145640.0
008 140415s1990 000 0 spa d
040 _aMx-PuUPA
_bspa
_cMx-PuUPA
_dMx-PuUPA
_erda
041 0 _aspa
130 0 _aChild abuse. The educational perspective.
245 1 3 _aEl abuso contra los niños :
_bla perspectiva de los educadores /
_cPeter Maher, coordinador ; traducción, Zulai Marcela Fuentes Ortega
250 _aPrimera edición /
_ben la colección Los Noventa
264 1 _aMéxico D.F. :
_bEditorial Grijalbo,
_c©1990
300 _a379 páginas ;
_c21 cm
336 _2rdacontent
_atexto
_btxt
337 _2rdamedia
_asin medio
_bn
338 _2rdacarrier
_avolumen
_bnc
490 0 _aLos Noventa ;
_v43
650 7 _aNiños con problemas emocionales
_2armarc
650 7 _aPsicología infantil
_2armarc
700 1 _aMaher, Peter,
_ecoordinador
700 1 _aFuentes Ortega, Zulai Marcela,
_etraductor
765 0 _tChil abuse. The Educational Perspective
_dNational Association for Pastoral Care in Education, ©1988
942 _2ddc
_cLI
_h362.76
_iE3718
999 _c20773
_d20773